[Event "Abadan Arvand 1st"]
[Site "Abadan"]
[Date "2023.09.28"]
[Round "2"]
[White "Moradi, Sajad"]
[Black "Atabayev, Saparmyrat"]
[Result "0-1"]
[WhiteElo "2026"]
[BlackElo "2456"]
[PlyCount "114"]
[EventDate "2023.09.27"]
[EventType "swiss"]
[EventRounds "9"]
[EventCountry "IRI"]
[SourceTitle "EXT 2025"]
[Source "ChessBase"]
[SourceDate "2024.10.14"]
[SourceVersion "1"]
[SourceVersionDate "2024.10.14"]
[SourceQuality "1"]

1. e4 c5 2. Nf3 d6 3. d4 cxd4 4. Nxd4 Nf6 5. Nc3 a6 6. Bg5 Nbd7 7. Be3 e6 8. g4 h6 9. h4 b5 10. Bg2 Ne5 11. g5 Nfg4 12. Bc1 hxg5 13. hxg5 Rxh1+ 14. Bxh1 Qb6 15. f3 Nc6 16. Nce2 e5 17. Nxc6 Nf2 18. Qd5 Nxh1 19. Nxe5 Qf2+ 20. Kd1 Ra7 21. Qc6+ Kd8 22. Qd5 Be6 23. Nc6+ Ke8 24. Qd4 Qf1+ 25. Kd2 Ra8 26. b3 Qxf3 27. Qe3 Qg2 28. Bb2 Nf2 29. Rg1 Qxe4 30. Qxf2 Qxc6 31. Nd4 Qd5 32. Kc1 g6 33. Qf6 Be7 34. Nxe6 Qxe6 35. Qh8+ Kd7 36. Qd4 Rc8 37. Kb1 Qf5 38. Qd2 Rc5 39. Bc1 Qf3 40. Qd4 Qe2 41. c3 Qe5 42. Bf4 Qxd4 43. cxd4 Rf5 44. Rg4 d5 45. Kc2 Bd6 46. Be3 Rf1 47. Kd3 Rd1+ 48. Kc3 b4+ 49. Kc2 Ra1 50. Bc1 Rxa2+ 51. Bb2 Ra5 52. Rh4 Rb5 53. Bc1 Rb8 54. Bf4 Rc8+ 55. Kd2 Rc3 56. Bxd6 Kxd6 57. Rf4 Ke7 0-1

[Event "Tehran zt 3.1"]
[Site "Tehran"]
[Date "2023.05.30"]
[Round "9"]
[White "Noroozi, Omid"]
[Black "Moradi, Sajad"]
[Result "0-1"]
[WhiteElo "2304"]
[BlackElo "2016"]
[PlyCount "202"]
[EventDate "2023.05.23"]
[EventType "swiss"]
[EventRounds "9"]
[EventCountry "IRI"]
[SourceTitle "CBM 214 Extra"]
[Source "ChessBase"]
[SourceDate "2023.07.31"]
[SourceVersion "1"]
[SourceVersionDate "2023.07.31"]
[SourceQuality "1"]

1. c4 e5 2. d3 Nf6 3. Nf3 Nc6 4. a3 a5 5. Nc3 g6 6. g3 Bg7 7. Bg2 0-0 8. 0-0 d6 9. Rb1 Bg4 10. h3 Bxf3 11. Bxf3 Qd7 12. Kh2 h5 13. b4 axb4 14. axb4 Rab8 15. b5 Nd4 16. Bg2 c6 17. e3 Ne6 18. Ba3 Ra8 19. Qb3 c5 20. Ra1 Ng5 21. Bb2 Rxa1 22. Bxa1 Re8 23. Qc2 Re7 24. Bb2 Qf5 25. f4 exf4 26. Rxf4 Qd7 27. Qf2 Nfh7 28. Nd5 Re8 29. Bxg7 Kxg7 30. Qb2+ Kg8 31. h4 Ne6 32. Bh3 Qd8 33. Rf1 Nc7 34. Qf2 Rf8 35. Nb6 Ne6 36. Nd5 Nc7 37. Nc3 b6 38. Qf3 Qa8 39. Ne4 f5 40. Nd2 Qxf3 41. Nxf3 Ra8 42. e4 Ra2+ 43. Kg1 fxe4 44. dxe4 Re2 45. Rd1 Ne8 46. e5 dxe5 47. Kf1 Re3 48. Kf2 Rc3 49. Nxe5 Nhf6 50. Bg2 Kg7 51. Bf3 Rc2+ 52. Ke3 Ra2 53. Rd8 Ra7 54. Rb8 Re7 55. Kf4 Nc7 56. Rxb6 Ne6+ 57. Rxe6 Rxe6 58. Bc6 Ng4 59. Nd7 Rd6 60. Nxc5 Rd4+ 61. Ne4 Rxc4 62. Kg5 Ne5 63. Bd5 Rb4 64. Kf4 Nd7 65. Ke3 Rxb5 66. Bc6 Rb3+ 67. Kf4 Nb8 68. Bd5 Rb4 69. g4 Rd4 70. Ke5 Rd1 71. gxh5 Nd7+ 72. Ke6 Nf8+ 73. Kd6 gxh5 74. Ng3 Kh6 75. Kc6 Ng6 76. Nf5+ Kh7 77. Be4 Re1 78. Kd5 Kg8 79. Ng3 Nxh4 80. Nxh5 Kf7 81. Nf4 Kf6 82. Ng2 Rd1+ 83. Kc4 Ke5 84. Nxh4 Kxe4 85. Ng6 Rd7 86. Kc5 Rf7 87. Kc4 Rc7+ 88. Kb5 Rf7 89. Kc5 Kf5 90. Nh4+ Kg4 91. Ng2 Kf3 92. Nh4+ Ke4 93. Ng6 Rf5+ 94. Kc4 Rf6 95. Ne7 Re6 96. Ng8 Ke5 97. Kc5 Re8 98. Nh6 Rc8+ 99. Kb6 Rf8 100. Ng4+ Kf4 101. Nf2 Rd8 0-1

[Event "Fars Province-ch"]
[Site "Shiraz"]
[Date "2017.07.21"]
[Round "5"]
[White "Moradi, Sajad"]
[Black "Mari Ooriad, Pouya"]
[Result "1/2-1/2"]
[WhiteElo "2056"]
[BlackElo "2226"]
[PlyCount "85"]
[EventDate "2017.07.19"]
[EventType "swiss"]
[EventRounds "11"]
[EventCountry "IRI"]
[SourceTitle "CBM 187 Extra"]
[Source "ChessBase"]
[SourceDate "2018.11.04"]
[SourceVersion "1"]
[SourceVersionDate "2018.11.04"]
[SourceQuality "1"]

1. e4 e5 2. Nf3 Nc6 3. d4 exd4 4. Nxd4 Bb4+ 5. c3 Bc5 6. Be3 Bb6 7. Nf5 g6 8. Bxb6 axb6 9. Ne3 Nf6 10. Bd3 d5 11. exd5 Nxd5 12. 0-0 Nf4 13. Be4 Qxd1 14. Rxd1 Be6 15. g3 Nh3+ 16. Kf1 Ng5 17. Bd5 0-0 18. f4 Bxd5 19. Nxd5 Ne6 20. Nd2 Kg7 21. Nc4 b5 22. Nce3 f5 23. Rd2 Rf7 24. b4 Nb8 25. Re1 Ra6 26. c4 bxc4 27. Nxc4 Nd7 28. a4 Kh6 29. a5 Rc6 30. Na3 Nef8 31. Rc2 Rxc2 32. Nxc2 c6 33. Re7 Kg7 34. Rxf7+ Kxf7 35. Nde3 Ne6 36. Ke2 Ke7 37. Kd3 Nc7 38. Nd4 Kd6 39. Nc4+ Kd5 40. Ne3+ Kd6 41. Nc4+ Kd5 42. Ne3+ Kd6 43. Nc4+ 1/2-1/2

[Event "Asia-ch U20"]
[Site "Shiraz"]
[Date "2017.05.08"]
[Round "7"]
[White "Moradi, Sajad"]
[Black "Mousavi, Seyed Khalil"]
[Result "0-1"]
[WhiteElo "2021"]
[BlackElo "2435"]
[PlyCount "48"]
[EventDate "2017.05.03"]
[EventType "swiss"]
[EventRounds "9"]
[EventCountry "IRI"]
[SourceTitle "CBM 178 Extra"]
[Source "ChessBase"]
[SourceDate "2017.06.22"]
[SourceVersion "1"]
[SourceVersionDate "2017.06.22"]
[SourceQuality "1"]

1. d4 d5 2. c4 e6 3. Nf3 Nf6 4. g3 Be7 5. Bg2 0-0 6. 0-0 dxc4 7. Qc2 b5 8. a4 b4 9. Nbd2 Bb7 10. Nxc4 Be4 11. Qb3 Nc6 12. e3 Bd5 13. Qd3 b3 14. Ncd2 Nb4 15. Qc3 Rc8 16. e4 Nxe4 17. Nxe4 Bxe4 18. Qxb3 Nc2 19. Ra2 Rb8 20. Qc3 Qd5 21. b3 Rxb3 22. Qxc7 Bd6 23. Qxa7 Ra8 24. Qd7 Rb7 0-1

[Event "Asia-ch U20 Rapid"]
[Site "Shiraz"]
[Date "2017.05.02"]
[Round "3.6"]
[White "Moradi, Sajad"]
[Black "Khodashenas, Mersad"]
[Result "0-1"]
[WhiteElo "1999"]
[BlackElo "2235"]
[PlyCount "78"]
[EventDate "2017.05.02"]
[EventType "swiss (rapid)"]
[EventRounds "7"]
[EventCountry "IRI"]
[SourceTitle "EXT 2024"]
[Source "ChessBase"]
[SourceDate "2023.10.10"]
[SourceVersion "1"]
[SourceVersionDate "2023.10.10"]
[SourceQuality "1"]

1. d4 Nf6 2. c4 e6 3. Nf3 b6 4. g3 Ba6 5. Nbd2 Bb7 6. Bg2 c5 7. e3 cxd4 8. exd4 Be7 9. 0-0 d5 10. Ne5 0-0 11. b3 Nc6 12. Bb2 Rc8 13. Ndf3 dxc4 14. bxc4 Na5 15. Qa4 Qe8 16. Qxe8 Rfxe8 17. Rac1 Ba6 18. Nd2 Bb4 19. Bc3 Ba3 20. Rb1 Nxc4 21. Ndxc4 Bxc4 22. Nxc4 Rxc4 23. Rb3 Bd6 24. Rd1 Rec8 25. Bb2 Rc2 26. Bf1 Ng4 27. Bd3 Rxf2 28. h3 Ne3 29. Re1 Rg2+ 30. Kh1 Rxg3 31. Rxe3 Rxe3 32. Bxh7+ Kxh7 33. Rxe3 Rc2 34. Rb3 g5 35. a4 Kg6 36. a5 bxa5 37. Ba3 a4 38. Rd3 Bxa3 39. Rxa3 Rc4 0-1

[Event "Rasht op"]
[Site "Rasht"]
[Date "2015.08.18"]
[Round "7"]
[White "Moradi, Sajad"]
[Black "Mashmooli, Kian"]
[Result "0-1"]
[WhiteElo "2007"]
[BlackElo "2134"]
[PlyCount "144"]
[EventDate "2015.08.14"]
[EventType "swiss"]
[EventRounds "11"]
[EventCountry "IRI"]
[SourceTitle "EXT 2016"]
[Source "ChessBase"]
[SourceDate "2015.10.08"]
[SourceVersion "1"]
[SourceVersionDate "2015.10.08"]
[SourceQuality "1"]

1. e4 c5 2. d4 cxd4 3. c3 Nf6 4. e5 Nd5 5. Qxd4 e6 6. Nf3 Nc6 7. Qe4 f5 8. exf6 Nxf6 9. Qh4 e5 10. Bg5 d5 11. Bb5 Bd6 12. 0-0 0-0 13. Rd1 e4 14. Nd4 Nxd4 15. cxd4 h6 16. Be3 Ng4 17. Qxd8 Bxh2+ 18. Kf1 Nxe3+ 19. Ke2 Bg4+ 20. f3 exf3+ 21. gxf3 Bxf3+ 22. Kxe3 Raxd8 23. Rf1 Bg2 24. Rxf8+ Rxf8 25. Nc3 h5 26. Bd7 Rf6 27. Bc8 b6 28. a4 h4 29. a5 Bf4+ 30. Kf2 h3 31. axb6 axb6 32. Bxh3 Bxh3 33. Nxd5 Rf8 34. Nxf4 Rxf4+ 35. Kg3 Rxd4 36. Kxh3 Rb4 37. Rb1 Kf7 38. Kg3 Ke6 39. Kf3 Kd5 40. Ke3 Kc4 41. Kd2 Rb5 42. Kc2 Rg5 43. b3+ Kb4 44. Re1 Rg2+ 45. Kd3 b5 46. Rb1 g5 47. Kd4 Rg3 48. Kd5 g4 49. Re1 Kxb3 50. Kc5 Rc3+ 51. Kd4 b4 52. Rb1+ Ka4 53. Ra1+ Kb3 54. Rb1+ Ka3 55. Ra1+ Kb2 56. Rg1 g3 57. Rg2+ Kc1 58. Rg1+ Kd2 59. Rg2+ Ke1 60. Rb2 Kf1 61. Rxb4 Rc1 62. Ke3 Re1+ 63. Kd2 Re8 64. Rf4+ Kg1 65. Rg4 g2 66. Rg7 Re5 67. Rh7 Kf2 68. Rf7+ Kg3 69. Rg7+ Kh3 70. Kd3 Rh5 71. Ke3 Kh2 72. Kf2 g1Q+ 0-1

[Event "Rasht Baran Cup 7th 		  "]
[Site "Rasht"]
[Date "2014.06.26"]
[Round "7"]
[White "Moradi, Sajad"]
[Black "Mousavi, Seyed Khalil"]
[Result "0-1"]
[WhiteElo "1951"]
[BlackElo "2375"]
[PlyCount "58"]
[EventDate "2014.06.22"]
[EventType "swiss"]
[EventRounds "9"]
[EventCountry "IRI"]
[SourceTitle "CBM 161 Extra"]
[Source "ChessBase"]
[SourceDate "2014.08.29"]
[SourceVersion "1"]
[SourceVersionDate "2014.08.29"]
[SourceQuality "1"]

1. c4 e6 2. Nf3 Nf6 3. g3 d5 4. b3 b6 5. Bg2 Bb7 6. Bb2 Be7 7. 0-0 0-0 8. e3 c5 9. Nc3 dxc4 10. bxc4 Nc6 11. Qe2 Rc8 12. d3 Rc7 13. Rad1 Qa8 14. Ne1 Rd8 15. f4 Rcd7 16. Ne4 Nxe4 17. Bxe4 Na5 18. Bxb7 Qxb7 19. Nf3 Nc6 20. d4 cxd4 21. exd4 Qa6 22. f5 exf5 23. d5 Rxd5 24. Rxd5 Rxd5 25. Nh4 g6 26. Re1 Rd6 27. g4 Re6 28. Qd1 Rxe1+ 29. Qxe1 Qxc4 0-1